Commemorazione del Cav. Camillo Marioni / (Record no. 166026)

MARC details
000 -LEADER
campo de control de longitud fija 00870nam a22002055i 4500
001 - NÚMERO DE CONTROL
campo de control 166026
003 - IDENTIFICADOR DE NÚMERO DE CONTROL
campo de control ES-MaACL
005 - FECHA Y HORA DE LA ÚLTIMA TRANSACCIÓN
campo de control 20250726063043.0
008 - DATOS DE LONGITUD FIJA--INFORMACIÓN GENERAL
campo de control de longitud fija 050919s1883 it | |||||||| ||ita d
040 ## - FUENTE DE CATALOGACIÓN
Centro catalogador/agencia de origen CAM
Lengua de catalogación spa
Centro/agencia transcriptor CAM
100 1# - ENTRADA PRINCIPAL--NOMBRE DE PERSONA
Nombre de persona Taramelli, Torquato,
Fechas asociadas al nombre 1845-1922
9 (RLIN) 224308
245 10 - MENCIÓN DEL TÍTULO
Título Commemorazione del Cav. Camillo Marioni /
Mención de responsabilidad, etc. letta dal socio Taramelli Torquato.
260 ## - PUBLICACIÓN, DISTRIBUCIÓN, ETC.
Lugar de publicación, distribución, etc. Milano :
Nombre del editor, distribuidor, etc. [s.n.],
Fecha de publicación, distribución, etc. 1883 (
Fabricante Tip. Bernardoni di C. Rebeschini e C.)
300 ## - DESCRIPCIÓN FÍSICA
Extensión 12 p. ;
Dimensiones 24 cm.
594 ## - Nota al título y mención de responsabilidad
Nota al título y mención de responsabilidad Tit. tomado de la primera pag.
596 ## - NOTA AL PIE DE IMPRENTA
NOTA AL PIE DE IMPRENTA Estratto degli Atti della Società Italiana di scienze naturali, vol. XXVI.
600 14 - PUNTO DE ACCESO ADICIONAL DE MATERIA--NOMBRE DE PERSONA
Nombre de persona Marioni, Camillo-
Subdivisión general Homenajes.
9 (RLIN) 129507
852 ## - LOCALIZACIÓN
Ubicación ES-MaACL
Número de control de estantería T-899-F-14
Nota libre -- Enc. hol., falto de la enc. original
-- -- Legado de Federico de Botella y de Hornos
-- -- Enc. en un vol. facticio
Holdings
Estatus retirado Estado de pérdida Estado de daño No para préstamo Colección Biblioteca de origen Biblioteca actual Ubicación en estantería Fecha de adquisición Fuente de adquisición Total de préstamos Signatura topográfica completa Código de barras Visto por última vez Precio de reemplazo Tipo de ítem Koha
        Colección de folletos Biblioteca del Ateneo de Madrid Biblioteca del Ateneo de Madrid Depósito folletos 17/01/2008     T-899-F-14 1174118 23/02/2023 23/02/2023 Folleto